|
|
|
|
| LEADER |
00000nam0a2200000 4500 |
| 001 |
319472 |
| 005 |
20231102003202.0 |
| 035 |
|
|
|a (RuTPU)RU\TPU\book\344981
|
| 090 |
|
|
|a 319472
|
| 100 |
|
|
|a 20160601d1975 km y0rusy50 ca
|
| 101 |
1 |
|
|a rus
|c jpn
|
| 102 |
|
|
|a RU
|
| 105 |
|
|
|a a z 001zy
|
| 200 |
1 |
|
|a Техника напыления
|e пер. с яп.
|f А. Хасуй
|
| 210 |
|
|
|a Москва
|c Машиностроение
|d 1975
|
| 215 |
|
|
|a 288 с.
|c ил.
|
| 320 |
|
|
|a Библиогр.: с. 282-286
|
| 606 |
1 |
|
|a Газопламенное напыление
|2 stltpush
|3 (RuTPU)RU\TPU\subj\5014
|9 33186
|
| 610 |
1 |
|
|a покрытия
|
| 610 |
1 |
|
|a получение
|
| 610 |
1 |
|
|a методы
|
| 610 |
1 |
|
|a технологии
|
| 610 |
1 |
|
|a напыленные материалы
|
| 610 |
1 |
|
|a напыленные покрытия
|
| 610 |
1 |
|
|a процессы
|
| 610 |
1 |
|
|a свойства
|
| 610 |
1 |
|
|a лабораторные испытания
|
| 610 |
1 |
|
|a применение
|
| 675 |
|
|
|a 621.793.7
|v 4
|
| 700 |
|
1 |
|a Хасуй
|b А.
|g Ацуси
|
| 801 |
|
1 |
|a RU
|b 63413507
|c 20160601
|
| 801 |
|
2 |
|a RU
|b 63413507
|c 20200923
|g RCR
|
| 942 |
|
|
|c BK
|